000 00434nam a2200157 4500
001 108453
003 ES-MaACL
005 20230906184638.0
007 t|
008 061121s1952 sp r ||||1| spa d
100 1 _aMontero López, V.
_982529
245 1 0 _aDetrás de la ciudad /
_cV. Montero Láopez.
260 _aMadrid :
_b[s.n.],
_c1952 (
_fGráf. Ibarra)
300 _a142 p. ;
_c17 cm.
852 _aES-MaACL
_jD-8161
_bR.32605
999 _c108453
_d108453